[Event "SRB-chT Central"]
[Site "Novi Pazar"]
[Date "2024.10.13"]
[Round "5.4"]
[White "Radovic, Janko"]
[Black "Tasic, Vladimir"]
[Result "1-0"]
[WhiteElo "2392"]
[BlackElo "2202"]
[PlyCount "57"]
[EventDate "2024.10.10"]
[EventType "team-tourn"]
[EventRounds "11"]
[EventCountry "SRB"]
[SourceTitle "CB43_2024"]
[Source "Chessbase"]
[SourceDate "2024.10.23"]
[SourceVersion "1"]
[SourceVersionDate "2024.10.23"]
[SourceQuality "1"]
[WhiteTeam "Kragujevac Radnicki"]
[BlackTeam "Kraljevo Sloga"]
[WhiteTeamCountry "SRB"]
[BlackTeamCountry "SRB"]

1. e4 d6 2. d4 Nf6 3. Nc3 g6 4. f4 Bg7 5. Nf3 0-0 6. e5 dxe5 7. fxe5 Nd5 8. Bc4 Nxc3 9. bxc3 c5 10. 0-0 Nc6 11. Ng5 e6 12. Be3 Qc7 13. Qg4 cxd4 14. cxd4 h5 15. Qe2 Nxe5 16. dxe5 Bxe5 17. Rad1 Bxh2+ 18. Kh1 Be5 19. Bc1 b5 20. Ba3 bxc4 21. Bxf8 f6 22. Ne4 Kxf8 23. Nxf6 Bxf6 24. Rxf6+ Kg7 25. Rdf1 Rb8 26. Rf7+ Qxf7 27. Qe5+ Kg8 28. Rxf7 Rb1+ 29. Kh2 1-0

[Event "SRB-chT Central"]
[Site "Novi Pazar"]
[Date "2024.10.13"]
[Round "4.4"]
[White "Tasic, Vladimir"]
[Black "Vlajkovic, Stanko"]
[Result "1-0"]
[WhiteElo "2202"]
[BlackElo "2201"]
[PlyCount "83"]
[EventDate "2024.10.10"]
[EventType "team-tourn"]
[EventRounds "11"]
[EventCountry "SRB"]
[SourceTitle "CB43_2024"]
[Source "Chessbase"]
[SourceDate "2024.10.23"]
[SourceVersion "1"]
[SourceVersionDate "2024.10.23"]
[SourceQuality "1"]
[WhiteTeam "Kraljevo Sloga"]
[BlackTeam "Arandjelovac"]
[WhiteTeamCountry "SRB"]
[BlackTeamCountry "SRB"]

1. g3 Nf6 2. Bg2 d5 3. Nf3 e6 4. 0-0 Be7 5. d3 0-0 6. Nc3 c5 7. e4 d4 8. Ne2 Nc6 9. h3 e5 10. Ne1 Rb8 11. a4 a6 12. f4 b5 13. axb5 axb5 14. Nf3 Nd7 15. f5 c4 16. g4 f6 17. Rf2 Nc5 18. Bf1 cxd3 19. cxd3 Bb7 20. Ng3 Ra8 21. Rb1 Qa5 22. Bd2 b4 23. b3 Qb5 24. g5 Ra2 25. g6 h6 26. Bxh6 Rxf2 27. Kxf2 Ra8 28. Bc1 Ra2+ 29. Kg1 Na5 30. Ne1 Kf8 31. Nh5 Nxe4 32. dxe4 d3 33. Be3 Bxe4 34. Qg4 Bb7 35. Nxg7 Bd5 36. Bxd3 Qb8 37. Ne6+ Bxe6 38. g7+ Kg8 39. fxe6 e4 40. Bc2 Qe5 41. Qg6 Qxe6 42. Bxe4 1-0

[Event "SRB-chT Central"]
[Site "Novi Pazar"]
[Date "2024.10.10"]
[Round "1.4"]
[White "Djokic, Mihailo"]
[Black "Tasic, Vladimir"]
[Result "1-0"]
[WhiteElo "2179"]
[BlackElo "2202"]
[PlyCount "123"]
[EventDate "2024.10.10"]
[EventType "team-tourn"]
[EventRounds "11"]
[EventCountry "SRB"]
[SourceTitle "CB43_2024"]
[Source "Chessbase"]
[SourceDate "2024.10.23"]
[SourceVersion "1"]
[SourceVersionDate "2024.10.23"]
[SourceQuality "1"]
[WhiteTeam "Ivanjica"]
[BlackTeam "Kraljevo Sloga"]
[WhiteTeamCountry "SRB"]
[BlackTeamCountry "SRB"]

1. e4 g6 2. d4 Bg7 3. Nc3 d6 4. f4 a6 5. Be3 b5 6. Nf3 Bb7 7. Bd3 Nd7 8. a4 b4 9. Ne2 Ngf6 10. e5 Nd5 11. Bd2 c5 12. c3 0-0 13. h4 f5 14. h5 e6 15. hxg6 hxg6 16. Ng5 Qe7 17. Rh3 Rfc8 18. Kf1 cxd4 19. cxd4 a5 20. Rc1 Nf8 21. Qe1 Qd7 22. b3 Ba6 23. Bxa6 Rxa6 24. Qg3 Rac6 25. Rxc6 Rxc6 26. Qd3 Qb7 27. Rg3 Qa6 28. Qxa6 Rxa6 29. Rh3 Ne7 30. Ke1 Nc6 31. Be3 Nd8 32. Kd2 d5 33. Ke1 Rc6 34. Bd2 Nf7 35. Nf3 Nd7 36. Nh4 Nh8 37. g4 fxg4 38. Rg3 Nf8 39. Rxg4 Kh7 40. Rg3 Nf7 41. Rh3 Kg8 42. Nc1 Nh6 43. Nd3 Nf5 44. Nxf5 gxf5 45. Nc5 Rc7 46. Ke2 Kf7 47. Rg3 Bh6 48. Rg1 Re7 49. Rc1 Rc7 50. Ne4 Rxc1 51. Nd6+ Ke7 52. Bxc1 Kd7 53. Nb7 Ke7 54. Bd2 Kd7 55. Nxa5 Kc7 56. Kf3 Ng6 57. Bxb4 Bxf4 58. Bd6+ Kb6 59. b4 Bh2 60. Nb3 Nh4+ 61. Ke2 f4 62. Bc5+ 1-0

[Event "SRB-chT 1st League CS"]
[Site "Bajina Basta"]
[Date "2021.09.27"]
[Round "3.6"]
[White "Radovanovic, Dusan"]
[Black "Tasic, Vladimir"]
[Result "1-0"]
[WhiteElo "2310"]
[BlackElo "2216"]
[PlyCount "79"]
[EventDate "2021.09.26"]
[EventType "team-tourn"]
[EventRounds "11"]
[EventCountry "SRB"]
[SourceTitle "EXT 2023"]
[Source "ChessBase"]
[SourceDate "2022.10.05"]
[SourceVersion "1"]
[SourceVersionDate "2022.10.05"]
[SourceQuality "1"]
[WhiteTeam "Pozega"]
[BlackTeam "Kraljevo Sloga"]
[WhiteTeamCountry "SRB"]
[BlackTeamCountry "SRB"]

1. e4 c5 2. Nf3 d6 3. d4 cxd4 4. Nxd4 Nf6 5. Nc3 g6 6. Be3 Bg7 7. f3 0-0 8. Qd2 Nc6 9. 0-0-0 d5 10. Qe1 e5 11. Nxc6 bxc6 12. exd5 Nxd5 13. Bc4 Be6 14. Ne4 f5 15. Ng5 Qf6 16. Nxe6 Qxe6 17. Qa5 Kh8 18. Rxd5 cxd5 19. Bxd5 Qf6 20. Bxa8 Rxa8 21. Rd1 h5 22. g3 f4 23. gxf4 Bh6 24. Qd2 Bxf4 25. Bxf4 exf4 26. Qd4 Kg7 27. c4 a5 28. Kc2 Qxd4 29. Rxd4 g5 30. h3 Rf8 31. Rd5 Kg6 32. Kd2 Rb8 33. b3 a4 34. Kc3 Re8 35. c5 Re3+ 36. Kb4 Re8 37. c6 g4 38. hxg4 hxg4 39. fxg4 Re4+ 40. Kb5 1-0